Statystyki dla Linia numer 1 Poznań

Kliknij tutaj aby rozwiązać quiz!

Ogólne statystyki

  • Ten quiz został rozwiązany 34 razy
  • Średni wynik to 22 z 31

Statystyki odpowiedzi

Numer PrzystankuNazwa Przystanku% Poprawnych
31Franowo
96%
1Junikowo
96%
2Cmentarna
83%
14Głogowska/Hetmańska
83%
20Rondo Starołęka
83%
19Rondo Starołęka
83%
12Arena
79%
7Stadion Miejski
79%
16Traugutta
79%
23Żegrze I
79%
24Żegrze II
79%
25Żegrze III
79%
18Hetmańska Wiadukt
75%
15Kolejowa
75%
28Piaśnicka/Kurlandzka
75%
27Piaśnicka Rynek
75%
11Rondo Nowaka-Jeziorańskiego
75%
21Rondo Żegrze
75%
22Rondo Żegrze
75%
29Szwedzka
75%
4Budziszyńska
71%
26Os.Czecha
71%
17Rolna
71%
30Szwajcarska
67%
13Arciszewskiego
63%
10Ostroroga
58%
9Grochowska
50%
3Grotkowska
50%
6Węgorka
50%
8Drzewieckiego
46%
5Rondo Skubiszewskiego
46%

Rozkład punktacji

Percentyl według liczby udzielonych odpowiedzi

Procent ludzi z każdym wynikiem

Twoja historia wyników

Nie rozwiązałeś tego quizu